000 00546cam a22002054a 4500
005 20250605164320.0
008 250528s ||||||||||||||||||||||||d
035 _a22845
020 _a9789604574902
040 _aGR-AtMCL
_bgre
_dGR-AtMCL
_eAACR2
245 1 _aMANAGEMENT ΕΜΠΟΡΙΚΗΣ ΤΑΥΤΟΤΗΤΑΣ Β2Β
250 _a1
260 _bΜαλλιάρης-Παιδεία,
_c2011
300 _a350
700 1 _aKotler Philip
_91146
700 1 _aPfoertsch Waldemar
_97293
942 _cBK
999 _c7890
_d7890